Online Catalogue and eLibrary

Culture and Power: (Record no. 1464)

MARC details
000 -LEADER
fixed length control field 00590nam a2200217Ia 4500
005 - DATE AND TIME OF LATEST TRANSACTION
control field 20250320070632.0
008 - FIXED-LENGTH DATA ELEMENTS--GENERAL INFORMATION
fixed length control field 240331s9999 xx 000 0 und d
020 ## - INTERNATIONAL STANDARD BOOK NUMBER
ISBN 0803986319
082 ## - DDC Classification
Item Number - Author Mark CUL
DDC Edition Number 2550
Class No. 302.23
245 #0 - TITLE STATEMENT
Title Culture and Power:
Remainder of title A Media, Culture and Society Reader
260 ## - PUBLICATION, DISTRIBUTION, ETC.
Place of publication, distribution, etc. London;
-- California;
-- New Delhi
Name of publisher, distributor, etc. SAGE Publications
Date of publication, distribution, etc. 1992
300 ## - PHYSICAL DESCRIPTION
Extent (e.g. Volumes, Pages etc.) ix, 257 p., (C II)
650 ## - SUBJECT ADDED ENTRY--TOPICAL TERM
Topical term or geographic name entry element Media
650 ## - SUBJECT ADDED ENTRY--TOPICAL TERM
Topical term or geographic name entry element Culture
650 ## - SUBJECT ADDED ENTRY--TOPICAL TERM
Topical term or geographic name entry element Politics
650 ## - SUBJECT ADDED ENTRY--TOPICAL TERM
Topical term or geographic name entry element Feminism
700 ## - ADDED ENTRY--PERSONAL NAME
Personal name Scannell, P
Relator term (Role) Editor
700 ## - ADDED ENTRY--PERSONAL NAME
Personal name Schlesinger, P
Relator term (Role) Editor
700 ## - ADDED ENTRY--PERSONAL NAME
Personal name Sparks, C
Relator term (Role) Editor
942 ## - Koha item type (Biblio)
Koha item type Books in Stacks (Lending)
Holdings
Lost status Damaged status Collection code Home library Current library Shelving location Date acquired Full call number Accession Number Item type
    Lending WERC Library WERC Library Social Science Cupboard 03/31/2024 302.23 CUL 2550 Books in Stacks (Lending)

© WERC Library